| 000 | 00471nam a2200193Ia 4500 | ||
|---|---|---|---|
| 005 | 20240823013739.0 | ||
| 008 | 240823s9999||||xx |||||||||||||| ||und|| | ||
| 020 | _a818152020 | ||
| 041 | _aENGLISH | ||
| 082 | _A621.4022 P4 | ||
| 100 | _aVenkateshan S P | ||
| 245 | 0 | _aHeat Transfer | |
| 250 | _a1st | ||
| 260 |
_c2004 _b"Ane Books,New " _aNew Delhi |
||
| 500 | _aTRANSFERED | ||
| 650 |
_aHeat Transfer _bAeronautical Engineering |
||
| 942 | _cBK | ||
| 999 |
_c168111 _d168111 |
||